Reagan Cuban independence bay remarks central americans cooitted to freedom
Gardado en:
| Formato: | Texto |
|---|---|
| Publicado: |
s.l.:
s.e.
|
| Etiquetas: |
Engadir etiqueta
Sen Etiquetas, Sexa o primeiro en etiquetar este rexistro!
|
MARC
| LEADER | 00000 a a2200000 04500 | ||
|---|---|---|---|
| 001 | 22339 | ||
| 003 | |||
| 040 | |||
| 090 | |a 152100 | ||
| 245 | |a Reagan Cuban independence bay remarks central americans cooitted to freedom | ||
| 260 | |a s.l.: |b s.e. | ||
| 300 | |a 10 p. | ||
| 500 | |a Tomado de: Cable noticioso | ||
| 999 | |c 16550 |d 16550 | ||
